000
00330nam a22001337a 4500
008
180919b xxu||||| |||| 00| 0 eng d
020
_a
0914826948
041
_a
eng
080
_a
541
100
_a
12
101
_a
KIM
245
_a
Prosphate Metabolism and Cellular Regulation in Microroganisms
_c
Gorini, A.T
942
_2
udc
_c
BK
999
_c
48061
_d
48061